Πατερικά μελετήματα

Saved in:
Bibliographic Details
Main Author: Κρικώνης, Χρίστος Θ., 1937-
Format: Book
Language:Greek
Published: Θεσσαλονίκη : University Studio Press, 2001.
Subjects:
Tags: Add Tag
No Tags, Be the first to tag this record!

MARC

LEADER 00000cam a2200000 i 4500
001 1/66880
008 150213s2001 gr | ||| |||| ||gre||
020 |a 9601209212 (set)  |q (set) 
020 |a 9601209220   |q (τ. 1) 
035 |l 10121058 
040 |a GR-MyUa  |b gre  |e AACR2 
041 0 |a gre 
082 7 |a 230   |2 (23) 
100 1 |a Κρικώνης, Χρίστος Θ.,   |d 1937- 
245 1 0 |a Πατερικά μελετήματα /   |c Χρίστος Θ. Κρικώνης. 
260 |a Θεσσαλονίκη :   |b University Studio Press,   |c 2001. 
300 |a  τ. ;   |c 22 εκ. 
504 |a Περιλαμβάνει βιβλιογραφικές παραπομπές και ευρετήριο. 
505 8 |a Τ. 1. Γραμματολογικά - Δογματικά - Νηπτικά. 
610 2 0 |a Orthodox Eastern Church  |x Doctrines. 
650 0 |a Fathers of the church, Greek. 
650 0 |a Christian education. 
852 |a INST  |b RHODES  |e 20150213  |h 230 ΚΡΙ  |p 005400037619  |q 005400037619  |t BK  |y 0  |z τ.1 
852 |a INST  |b RHODES  |e 20150213  |h 230 ΚΡΙ  |p 005400037619  |q 005400037619  |t BK  |v τ.1:  |y 0  |z τ.1 
853 |a INST  |b RHODES  |h 230 ΚΡΙ 
901 |a BIBL4-2015-1 
970 |z 2015/02/13